| 000 | 00556cam a2200217 4500 | ||
|---|---|---|---|
| 001 | J64020 | ||
| 008 | 000000n2001 000 0 eng u | ||
| 035 | _a(Sirsi) u111967 | ||
| 041 | _aENG | ||
| 050 | _a333.337 | ||
| 110 |
_aGVA Grimley _93646 |
||
| 245 | _aProperty market forecasts - Spring 2001 | ||
| 260 |
_aLondon _bGVA Grimley _c2001 |
||
| 300 | _a1pt. ; 30cm. | ||
| 650 | _aFORECASTS | ||
| 650 | _aRENTAL GROWTH | ||
| 650 | _aFINANCE AND INVESTMENT | ||
| 650 | _aECONOMIC ISSUES | ||
| 690 | _aPROPERTY-COMMERCIAL PROPERTY | ||
| 942 | _n0 | ||
| 999 |
_c101328 _d101328 |
||